[Event "RUS-chT rapid"]
[Site "Sochi"]
[Date "2019.10.18"]
[Round "1.4"]
[White "Belyakov, Bogdan"]
[Black "Navrodsky, Boris"]
[Result "1-0"]
[WhiteElo "2495"]
[BlackElo "2197"]
[PlyCount "59"]
[EventDate "2019.10.18"]
[EventType "team-swiss (rapid)"]
[EventRounds "9"]
[EventCountry "RUS"]
[SourceTitle "CBM 192 Extra"]
[Source "Chessbase"]
[SourceDate "2019.11.06"]
[SourceVersion "1"]
[SourceVersionDate "2019.11.06"]
[SourceQuality "1"]
[WhiteTeam "Yamal Nenets Region"]
[BlackTeam "Moscow Squad"]
[WhiteTeamCountry "RUS"]
[BlackTeamCountry "RUS"]

1. e4 c6 2. d4 d5 3. exd5 cxd5 4. c4 Nf6 5. Nc3 Nc6 6. Nf3 Bg4 7. cxd5 Nxd5 8. Qb3 Bxf3 9. gxf3 e6 10. Qxb7 Nxd4 11. Bb5+ Nxb5 12. Qc6+ Ke7 13. Qxb5 Qd7 14. Nxd5+ exd5 15. Qe2+ Qe6 16. Be3 f6 17. 0-0-0 Kf7 18. Kb1 Qf5+ 19. Qd3 Qxf3 20. Qxd5+ Qxd5 21. Rxd5 Ke6 22. Rhd1 Be7 23. R5d4 f5 24. Re1 Bf6 25. Bh6+ Kf7 26. Rd7+ Kg6 27. Bxg7 Bxg7 28. Rg1+ Kh6 29. Rdxg7 Rhe8 30. R7g3 1-0

[Event "RUS-ch rapid"]
[Site "Sochi"]
[Date "2019.10.15"]
[Round "1"]
[White "Popov, Valerij"]
[Black "Navrodsky, Boris"]
[Result "0-1"]
[WhiteElo "2535"]
[BlackElo "2105"]
[PlyCount "73"]
[EventDate "2019.10.15"]
[EventType "swiss"]
[EventRounds "11"]
[EventCountry "RUS"]
[SourceTitle "CBM 192 Extra"]
[Source "Chessbase"]
[SourceDate "2019.11.06"]
[SourceVersion "1"]
[SourceVersionDate "2019.11.06"]
[SourceQuality "1"]

1. c4 e6 2. g3 d5 3. Bg2 Nf6 4. Nf3 Be7 5. 0-0 Nbd7 6. b3 c5 7. Bb2 0-0 8. cxd5 Nxd5 9. d4 Bf6 10. e4 Nb4 11. e5 Be7 12. Nc3 cxd4 13. Nb5 d3 14. a3 Nc2 15. Ra2 Nc5 16. Nbd4 Nxd4 17. Bxd4 a5 18. Rd2 Qb6 19. Rxd3 Qa6 20. Rc3 b6 21. b4 axb4 22. axb4 Na4 23. Rc7 Ra7 24. Rxa7 Qxa7 25. Qb3 Qd7 26. Rd1 b5 27. Be3 Qc7 28. Rc1 Qb8 29. Nd4 Bb7 30. Bxb7 Qxb7 31. Nc6 Bd8 32. Qd3 Bb6 33. Qxb5 Ra8 34. Ra1 Qa6 35. Qxa6 Rxa6 36. Bxb6 Rxb6 37. Rxa4 0-1

[Event "RUS-chT2"]
[Site "Sochi"]
[Date "2019.05.04"]
[Round "4.1"]
[White "Garifullina, Leya"]
[Black "Navrodsky, Boris"]
[Result "1-0"]
[WhiteElo "2251"]
[BlackElo "2264"]
[PlyCount "131"]
[EventDate "2019.05.01"]
[EventType "team-swiss"]
[EventRounds "9"]
[EventCountry "RUS"]
[SourceTitle "CBM 190 Extra"]
[Source "ChessBase"]
[SourceDate "2019.07.15"]
[SourceVersion "1"]
[SourceVersionDate "2019.07.15"]
[SourceQuality "1"]
[WhiteTeam "Ural Karpov Academy"]
[BlackTeam "Moscow BYCP"]
[WhiteTeamCountry "RUS"]
[BlackTeamCountry "RUS"]

1. e4 c6 2. d4 d5 3. e5 c5 4. dxc5 Nc6 5. Nf3 Bg4 6. c3 e6 7. Be3 Nge7 8. Nbd2 Nf5 9. Bd4 Be7 10. Bb5 0-0 11. Bxc6 bxc6 12. h3 Nxd4 13. cxd4 Bh5 14. 0-0 Rb8 15. b3 Qc7 16. Qe1 a5 17. Qe3 Rb5 18. Ne1 Bg6 19. Nd3 h6 20. f4 Ra8 21. Nb2 Rb4 22. Na4 Qa7 23. Rad1 Qa6 24. Nb1 Re8 25. Nbc3 Bd8 26. Qg3 Bh5 27. Rd2 f6 28. exf6 Bxf6 29. Qe3 Rb7 30. Nb2 Bg6 31. Nd3 Bxd3 32. Rxd3 Rb4 33. Rdd1 Qa7 34. Na4 g6 35. a3 Rb5 36. Rd3 Qg7 37. Kh1 Rb7 38. Nb6 Rf7 39. b4 axb4 40. axb4 g5 41. fxg5 Bxg5 42. Rxf7 Qxf7 43. Qf3 Qg7 44. Rd1 Rf8 45. Qe2 Rf6 46. b5 cxb5 47. c6 Bf4 48. Nd7 Rg6 49. Qf3 Bd6 50. Rc1 Bc7 51. Ra1 Qe7 52. Ra7 Bd8 53. c7 Bxc7 54. Rxc7 Qd8 55. Rb7 Qe7 56. Rb8+ Kg7 57. Ne5 Rg5 58. h4 Rxe5 59. Qg3+ Rg5 60. hxg5 hxg5 61. Rc8 Qf6 62. Qc7+ Kg6 63. Rg8+ Kf5 64. Qh7+ Kf4 65. Qd3 Qh6+ 66. Kg1 1-0

[Event "Moscow op-A 15th"]
[Site "Moscow"]
[Date "2019.02.02"]
[Round "8"]
[White "Stukan, Martin"]
[Black "Navrodsky, Boris"]
[Result "1/2-1/2"]
[WhiteElo "2142"]
[BlackElo "2254"]
[PlyCount "96"]
[EventDate "2019.01.26"]
[EventType "swiss"]
[EventRounds "9"]
[EventCountry "RUS"]
[SourceTitle "CBM 188 Extra"]
[Source "ChessBase"]
[SourceDate "2019.02.26"]
[SourceVersion "1"]
[SourceVersionDate "2019.02.26"]
[SourceQuality "1"]

1. Nf3 d5 2. c4 e6 3. e3 Nf6 4. b3 Be7 5. Bb2 0-0 6. Nc3 c5 7. cxd5 Nxd5 8. Nxd5 Qxd5 9. Bc4 Qd8 10. 0-0 b6 11. d4 Bb7 12. Qe2 cxd4 13. Nxd4 Bc5 14. Qg4 Qf6 15. Rab1 Qg6 16. Qxg6 hxg6 17. Rbc1 Nc6 18. Nxc6 Bxc6 19. Ba6 Bd5 20. Rfd1 Rfd8 21. Kf1 f6 22. g3 g5 23. Bd3 Kf7 24. e4 Bb7 25. f3 Rxd3 26. Rxd3 Ba6 27. Ke2 Rh8 28. Rh1 Rd8 29. Rhd1 Rh8 30. Rh1 Bg1 31. Kd2 Bxd3 32. Kxd3 Rxh2 33. Rxh2 Bxh2 34. g4 Ke7 35. Kc4 a6 36. Bd4 Bc7 37. a4 Kd7 38. b4 Bd8 39. b5 a5 40. Bf2 Bc7 41. Bg1 Kc8 42. Bf2 Kb7 43. Bg1 Be5 44. Bf2 Kc7 45. Bg1 Bb2 46. Bh2+ Kd7 47. Bg1 Kc7 48. Bh2+ Kb7 1/2-1/2

[Event "Moscow op-A 15th"]
[Site "Moscow"]
[Date "2019.01.31"]
[Round "6"]
[White "Atabayev, Saparmyrat"]
[Black "Navrodsky, Boris"]
[Result "1-0"]
[WhiteElo "2434"]
[BlackElo "2254"]
[PlyCount "57"]
[EventDate "2019.01.26"]
[EventType "swiss"]
[EventRounds "9"]
[EventCountry "RUS"]
[SourceTitle "CBM 188 Extra"]
[Source "ChessBase"]
[SourceDate "2019.02.26"]
[SourceVersion "1"]
[SourceVersionDate "2019.02.26"]
[SourceQuality "1"]

1. d4 d5 2. c4 e6 3. Nc3 Be7 4. Nf3 Nf6 5. Bg5 0-0 6. e3 Nbd7 7. Qc2 c5 8. 0-0-0 Qa5 9. cxd5 exd5 10. Bd3 h6 11. Bh7+ Kh8 12. h4 cxd4 13. Rxd4 Bb4 14. Bf5 Bxc3 15. bxc3 Ne4 16. Be7 Nxc3 17. Kb2 Re8 18. Bb4 Na4+ 19. Ka1 Qa6 20. Ng5 Nf6 21. Nxf7+ Kg8 22. Bg6 Bd7 23. Ng5 hxg5 24. hxg5 Ne4 25. Bh7+ Kf7 26. Rxd5 Nac5 27. Bxc5 Nxc5 28. Qxc5 Re7 29. Rf5+ 1-0

[Event "Moscow op-A 15th"]
[Site "Moscow"]
[Date "2019.01.29"]
[Round "4"]
[White "Navrodsky, Boris"]
[Black "Savitskiy, Sergey"]
[Result "0-1"]
[WhiteElo "2254"]
[BlackElo "2411"]
[PlyCount "60"]
[EventDate "2019.01.26"]
[EventType "swiss"]
[EventRounds "9"]
[EventCountry "RUS"]
[SourceTitle "CBM 188 Extra"]
[Source "ChessBase"]
[SourceDate "2019.02.26"]
[SourceVersion "1"]
[SourceVersionDate "2019.02.26"]
[SourceQuality "1"]

1. d4 d5 2. c4 dxc4 3. Nf3 a6 4. Nc3 b5 5. e4 Bb7 6. a4 b4 7. Bxc4 e6 8. Qb3 Qc8 9. d5 bxc3 10. dxe6 f6 11. e7 Nxe7 12. Bf7+ Kd8 13. Nd4 Nec6 14. Ne6+ Ke7 15. Be3 Ne5 16. Bc5+ Kxf7 17. Nxf8+ Ke8 18. Rd1 Rxf8 19. f4 c2 20. Rc1 Ng6 21. 0-0 Rf7 22. e5 f5 23. e6 Re7 24. Qh3 Be4 25. g4 Qxe6 26. Qxh7 Nf8 27. Qh4 Nbd7 28. gxf5 Bxf5 29. Bxe7 Qe3+ 30. Rf2 Qxc1+ 0-1

[Event "Moscow op-A 15th"]
[Site "Moscow"]
[Date "2019.01.26"]
[Round "1"]
[White "Navrodsky, Boris"]
[Black "Kryakvin, Dmitry"]
[Result "0-1"]
[WhiteElo "2254"]
[BlackElo "2588"]
[PlyCount "78"]
[EventDate "2019.01.26"]
[EventType "swiss"]
[EventRounds "9"]
[EventCountry "RUS"]
[SourceTitle "CBM 188 Extra"]
[Source "ChessBase"]
[SourceDate "2019.02.26"]
[SourceVersion "1"]
[SourceVersionDate "2019.02.26"]
[SourceQuality "1"]

1. d4 Nf6 2. c4 g6 3. Nc3 Bg7 4. e4 d6 5. Nf3 0-0 6. Be2 e5 7. 0-0 Na6 8. Re1 c6 9. Bf1 Bg4 10. d5 c5 11. h3 Bd7 12. Be3 Kh8 13. Qd2 Ng8 14. Bg5 f6 15. Bh4 Bh6 16. Qd1 Bf4 17. Ne2 g5 18. g3 gxh4 19. gxf4 Qe8 20. f5 Qh5 21. Nc3 Nh6 22. Kh1 Rg8 23. Be2 Nxf5 24. exf5 Qxf5 25. Bf1 Qg6 26. a3 Bf5 27. Qd2 e4 28. Qf4 exf3 29. Qh2 Rg7 30. Nb5 Rd8 31. Re3 Nc7 32. Nc3 Re8 33. Rae1 Re5 34. b4 b6 35. bxc5 bxc5 36. a4 a6 37. a5 Ne8 38. Na4 Be4 39. Nb2 Rg5 0-1

[Event "St Petersburg Korchnoi Memorial op"]
[Site "St Petersburg"]
[Date "2018.08.20"]
[Round "6"]
[White "Navrodsky, Boris"]
[Black "Zakhartsov, Vladimir"]
[Result "0-1"]
[WhiteElo "2327"]
[BlackElo "2490"]
[PlyCount "112"]
[EventDate "2018.08.15"]
[EventType "swiss"]
[EventRounds "9"]
[EventCountry "RUS"]
[SourceTitle "CBM 186 Extra"]
[Source "ChessBase"]
[SourceDate "2018.08.24"]
[SourceVersion "1"]
[SourceVersionDate "2018.08.24"]
[SourceQuality "1"]

1. d4 Nf6 2. c4 Nc6 3. Nc3 e5 4. d5 Ne7 5. Nf3 Ng6 6. g3 Bb4 7. Qb3 Qe7 8. Bg2 Ne4 9. Bd2 Nxd2 10. Nxd2 a6 11. 0-0 Bc5 12. Nde4 0-0 13. Nxc5 Qxc5 14. Ne4 Qa7 15. c5 Rb8 16. Rac1 b6 17. cxb6 Rxb6 18. Qc3 f5 19. Ng5 h6 20. Nf3 d6 21. Qxc7 Qxc7 22. Rxc7 Rxb2 23. Rfc1 Bb7 24. Rd7 Rf6 25. h4 Nf8 26. Re7 Rf7 27. Rxf7 Kxf7 28. Rc7+ Kf6 29. Nd2 Rxd2 30. Rxb7 e4 31. Rb6 Rxd5 32. Rxa6 Ne6 33. a4 Nc5 34. Ra8 Rd1+ 35. Kh2 Re1 36. a5 Rxe2 37. a6 Ra2 38. a7 Ne6 39. g4 d5 40. gxf5 Nc7 41. Rf8+ Ke7 42. Rg8 Ne8 43. Kg3 Kf7 44. Rh8 Rxa7 45. Bh3 Ra3+ 46. Kg2 Nf6 47. Rb8 Nh5 48. Bg4 Nf4+ 49. Kh2 h5 50. Bd1 Rh3+ 51. Kg1 Rxh4 52. Bb3 Rg4+ 53. Kf1 Rg5 54. Rb4 Kf6 55. f3 Rxf5 56. fxe4 Nd3+ 0-1

[Event "St Petersburg Korchnoi Memorial op"]
[Site "St Petersburg"]
[Date "2018.08.18"]
[Round "4"]
[White "Ilyuchyk, Yana"]
[Black "Navrodsky, Boris"]
[Result "1/2-1/2"]
[WhiteElo "2090"]
[BlackElo "2327"]
[PlyCount "99"]
[EventDate "2018.08.15"]
[EventType "swiss"]
[EventRounds "9"]
[EventCountry "RUS"]
[SourceTitle "CBM 186 Extra"]
[Source "ChessBase"]
[SourceDate "2018.08.24"]
[SourceVersion "1"]
[SourceVersionDate "2018.08.24"]
[SourceQuality "1"]

1. e4 c6 2. d4 d5 3. e5 c5 4. dxc5 Nc6 5. Nf3 Bg4 6. Bb5 e6 7. b4 a5 8. c3 Nge7 9. Nbd2 g5 10. h3 Bh5 11. Nb3 axb4 12. cxb4 h6 13. Bb2 Bg7 14. g4 Bg6 15. Nbd4 0-0 16. Bxc6 Nxc6 17. Nxc6 bxc6 18. 0-0 Qc7 19. Re1 Be4 20. Nd2 Bxe5 21. Bxe5 Qxe5 22. Nxe4 dxe4 23. Qd6 Qc3 24. Qxc6 e3 25. fxe3 Rfd8 26. Rad1 Qxb4 27. Qb6 Qxb6 28. cxb6 Rdb8 29. Rd6 Rxa2 30. Rb1 Rb7 31. Rc6 Kg7 32. Kf1 Kf6 33. Ke1 Ke7 34. Rbc1 Kf6 35. Rb1 Ra6 36. Ke2 Ke7 37. Rc7+ Rxc7 38. bxc7 Rc6 39. Rb7 Kf6 40. Kf3 Kg6 41. Ke4 f6 42. Rb6 Rc4+ 43. Kf3 e5 44. Rb7 e4+ 45. Ke2 h5 46. Kd2 h4 47. Ra7 Rc6 48. Rb7 Rc5 49. Ra7 Rc6 50. Rb7 1/2-1/2

[Event "Moscow op-A 14th"]
[Site "Moscow"]
[Date "2018.02.03"]
[Round "8"]
[White "Navrodsky, Boris"]
[Black "Saiyn, Zhanat"]
[Result "1/2-1/2"]
[WhiteElo "2101"]
[BlackElo "2377"]
[PlyCount "137"]
[EventDate "2018.01.27"]
[EventType "swiss"]
[EventRounds "9"]
[EventCountry "RUS"]
[SourceTitle "CBM 182 Extra"]
[Source "ChessBase"]
[SourceDate "2018.02.23"]
[SourceVersion "1"]
[SourceVersionDate "2018.02.23"]
[SourceQuality "1"]

1. d4 d5 2. c4 c6 3. Nf3 Nf6 4. e3 g6 5. Nc3 Bg7 6. Bd3 0-0 7. 0-0 Bg4 8. h3 Bxf3 9. Qxf3 dxc4 10. Bxc4 Nbd7 11. Qe2 e5 12. dxe5 Nxe5 13. e4 Qd4 14. Bb3 Qd3 15. f4 Qxe2 16. Nxe2 Nd3 17. e5 Nxc1 18. Raxc1 Ne4 19. Rcd1 Rad8 20. Nd4 Nc5 21. Bc2 a5 22. Nb3 Nxb3 23. Bxb3 Rfe8 24. Kf2 Kf8 25. Rxd8 Rxd8 26. Rd1 Rxd1 27. Bxd1 f6 28. exf6 Bxf6 29. b3 Ke7 30. g4 h6 31. Ke3 g5 32. Ke4 Ke6 33. a4 Bc3 34. Be2 Bd2 35. fxg5 hxg5 36. Kd4 Kd6 37. Bf1 Be1 38. Be2 Bf2+ 39. Kc4 Kc7 40. Bf1 Kb6 41. Be2 Ka6 42. Kc3+ b5 43. axb5+ cxb5 44. Bf1 Kb6 45. Be2 Kc5 46. Bf1 Be1+ 47. Kc2 Kb4 48. Be2 Bg3 49. Bd3 Be5 50. Be4 Ka3 51. Bc6 Kb4 52. Be4 a4 53. bxa4 bxa4 54. Bc6 a3 55. Bd5 Kc5 56. Be6 Kd4 57. Kb3 Bd6 58. Bd7 Ke3 59. Bc6 Kf4 60. Bg2 Kg3 61. Bf1 Kf2 62. Bd3 Kg2 63. Bf5 Kxh3 64. Bd7 Kg3 65. Be6 Kf2 66. Bf5 Ke2 67. Be6 Kd2 68. Ka2 Kc1 69. Bf5 1/2-1/2

[Event "Moscow op-A 14th"]
[Site "Moscow"]
[Date "2018.02.02"]
[Round "7"]
[White "Navrodsky, Boris"]
[Black "Marzano, Carlo"]
[Result "1-0"]
[WhiteElo "2101"]
[BlackElo "2269"]
[PlyCount "109"]
[EventDate "2018.01.27"]
[EventType "swiss"]
[EventRounds "9"]
[EventCountry "RUS"]
[SourceTitle "CBM 182 Extra"]
[Source "ChessBase"]
[SourceDate "2018.02.23"]
[SourceVersion "1"]
[SourceVersionDate "2018.02.23"]
[SourceQuality "1"]

1. d4 d5 2. c4 dxc4 3. Nf3 a6 4. a4 Nc6 5. Nc3 Bg4 6. e3 Na5 7. Be2 Bxf3 8. Bxf3 e6 9. 0-0 c6 10. Bd2 Nf6 11. Ne4 Nd5 12. Bxa5 Qxa5 13. Qc2 Be7 14. Qxc4 0-0 15. Rfc1 Rfd8 16. Nc5 Bxc5 17. Qxc5 Qxc5 18. Rxc5 Nb4 19. Ra3 Kf8 20. a5 Rd7 21. Rb3 Nd5 22. e4 Nf6 23. g3 Re8 24. Kf1 Ree7 25. Rb4 Ke8 26. Ke2 Kd8 27. Ke3 Rc7 28. Be2 g6 29. g4 Nd7 30. Rc3 g5 31. Kd2 f6 32. h4 h6 33. Rcb3 Nf8 34. h5 Red7 35. Ke3 Ke7 36. Rc3 Kd8 37. Rb6 Ke7 38. Bf3 Kd8 39. d5 cxd5 40. exd5 exd5 41. Rxc7 Rxc7 42. Rxf6 Ke7 43. Rxh6 Rc2 44. Rb6 d4+ 45. Kxd4 Rxf2 46. Ke3 Rh2 47. Rxb7+ Kd6 48. b4 Ne6 49. Ke4 Rb2 50. Rb6+ Ke7 51. Ke5 Nc7 52. h6 Rh2 53. Be4 Ne8 54. Rxa6 Rh3 55. Rb6 1-0

[Event "Moscow op-A 14th"]
[Site "Moscow"]
[Date "2018.01.31"]
[Round "5"]
[White "Matyunin, Maxim"]
[Black "Navrodsky, Boris"]
[Result "1-0"]
[WhiteElo "2261"]
[BlackElo "2101"]
[PlyCount "99"]
[EventDate "2018.01.27"]
[EventType "swiss"]
[EventRounds "9"]
[EventCountry "RUS"]
[SourceTitle "CBM 182 Extra"]
[Source "ChessBase"]
[SourceDate "2018.02.23"]
[SourceVersion "1"]
[SourceVersionDate "2018.02.23"]
[SourceQuality "1"]

1. d4 d5 2. Nf3 Nf6 3. c4 e6 4. Nc3 Be7 5. Bg5 Nbd7 6. e3 0-0 7. Rc1 a6 8. cxd5 exd5 9. Bd3 Re8 10. 0-0 c6 11. Bf4 Nf8 12. Ne5 Ng6 13. Bg3 Bd6 14. f4 Qe7 15. Qd2 c5 16. Rce1 Qc7 17. Bb1 b5 18. Rc1 c4 19. a3 Bb7 20. h4 Qb6 21. Qe2 Nf8 22. h5 h6 23. Bh4 Be7 24. g4 N6d7 25. Bxe7 Rxe7 26. Rf3 Ne6 27. Nxd7 Rxd7 28. Qc2 Nf8 29. Kf2 Qf6 30. Rh1 Bc6 31. Rg3 a5 32. g5 hxg5 33. Rxg5 Qh6 34. Ne2 Nh7 35. Ng3 Nxg5 36. fxg5 Qh8 37. h6 g6 38. h7+ Kf8 39. Kg2 Re8 40. Qf2 Re6 41. Ne2 Red6 42. Nf4 Ke8 43. Qg3 Rd8 44. Rh6 Ke7 45. Bxg6 Qg7 46. Nh5 Qh8 47. Bf5 Rxh6 48. gxh6 Bd7 49. Qc7 b4 50. Qc5+ 1-0

[Event "Chigorin Memorial 25th"]
[Site "St Petersburg"]
[Date "2017.10.28"]
[Round "8"]
[White "Ansat, Aldiyar"]
[Black "Navrodsky, Boris"]
[Result "0-1"]
[WhiteElo "1996"]
[BlackElo "2180"]
[PlyCount "80"]
[EventDate "2017.10.21"]
[EventType "swiss"]
[EventRounds "9"]
[EventCountry "RUS"]
[SourceTitle "CBM 181 Extra"]
[Source "ChessBase"]
[SourceDate "2017.12.12"]
[SourceVersion "1"]
[SourceVersionDate "2017.12.12"]
[SourceQuality "1"]

1. e4 c6 2. d4 d5 3. Nd2 dxe4 4. Nxe4 Nd7 5. Ng5 Ngf6 6. Bd3 e6 7. N1f3 Be7 8. 0-0 0-0 9. Ne5 h6 10. Ngf3 c5 11. c3 cxd4 12. cxd4 Nb6 13. Bc2 Bd7 14. Qd3 Nbd5 15. Ng4 a6 16. Nxf6+ Nxf6 17. a4 Bc6 18. Re1 Rc8 19. Ne5 Qd5 20. f3 Rfd8 21. Be3 Bb4 22. Red1 Bd6 23. Bf4 Be8 24. Bg3 Bxe5 25. Bxe5 Qc4 26. Bxf6 Qxd3 27. Bxd3 gxf6 28. Kf2 Rd6 29. Ke3 Rb6 30. Rd2 a5 31. d5 exd5 32. Bf5 Rd8 33. Be4 Bc6 34. Rad1 Re8 35. Rxd5 Bxd5 36. Rxd5 Re5 37. Rd8+ Kg7 38. Kf4 Rxb2 39. g4 Rb4 40. Rb8 Re7 0-1

[Event "Chigorin Memorial 25th"]
[Site "St Petersburg"]
[Date "2017.10.21"]
[Round "1"]
[White "Biyachuev, Minkail"]
[Black "Navrodsky, Boris"]
[Result "0-1"]
[WhiteElo "1475"]
[BlackElo "2180"]
[PlyCount "66"]
[EventDate "2017.10.21"]
[EventType "swiss"]
[EventRounds "9"]
[EventCountry "RUS"]
[SourceTitle "CBM 181 Extra"]
[Source "ChessBase"]
[SourceDate "2017.12.12"]
[SourceVersion "1"]
[SourceVersionDate "2017.12.12"]
[SourceQuality "1"]

1. d4 d5 2. Bf4 Nf6 3. Nf3 c5 4. c3 Nc6 5. e3 Qb6 6. Qc2 g6 7. Nbd2 Bg7 8. Qb1 Bf5 9. Qc1 Rc8 10. Ne5 cxd4 11. c4 Nb4 12. e4 Nxe4 13. Nd3 Nxd2 14. Qxd2 Nxd3+ 15. Bxd3 Bxd3 16. Qxd3 Qe6+ 17. Kd2 dxc4 18. Qa3 c3+ 19. bxc3 dxc3+ 20. Kc1 c2 21. Qa4+ Qc6 22. Qa3 0-0 23. Qxe7 Bxa1 24. Be5 Bxe5 25. Qxe5 Qb6 26. Qa1 Qxf2 27. Qe5 Qb6 28. Qa1 Qf2 29. Qe5 Rfe8 30. Qa5 Qd4 31. Re1 Qa1+ 32. Kd2 Qxe1+ 33. Kd3 Qe3# 0-1

[Event "Moscow op-A 13th"]
[Site "Moscow"]
[Date "2017.02.05"]
[Round "9"]
[White "Trubchaninov, Timur"]
[Black "Navrodsky, Boris"]
[Result "0-1"]
[WhiteElo "2263"]
[BlackElo "2153"]
[PlyCount "72"]
[EventDate "2017.01.28"]
[EventType "swiss"]
[EventRounds "9"]
[EventCountry "RUS"]
[SourceTitle "EXT 2018"]
[Source "ChessBase"]
[SourceDate "2017.10.13"]
[SourceVersion "1"]
[SourceVersionDate "2017.10.13"]
[SourceQuality "1"]

1. e4 c6 2. d4 d5 3. exd5 cxd5 4. c4 Nc6 5. Nc3 Nf6 6. Nf3 Bg4 7. cxd5 Nxd5 8. Qb3 Bxf3 9. gxf3 e6 10. Qxb7 Nxd4 11. Bb5+ Nxb5 12. Qc6+ Ke7 13. Qxb5 Qd7 14. Nxd5+ exd5 15. Qe2+ Qe6 16. Be3 f6 17. 0-0-0 Kf7 18. Kb1 Bc5 19. Qd3 Bxe3 20. Rhe1 Rad8 21. Rxe3 Qd6 22. Qd4 Rd7 23. Ra3 Qb6 24. Rad3 Qxd4 25. Rxd4 Ke6 26. b3 Rc8 27. Kb2 Rdc7 28. R1d2 Rc5 29. Re2+ Kd6 30. f4 g6 31. h4 R8c7 32. f5 gxf5 33. Rf4 Re7 34. Rxe7 Kxe7 35. Rb4 Rc7 36. h5 Kd6 0-1

[Event "Moscow op-A 13th"]
[Site "Moscow"]
[Date "2017.02.04"]
[Round "8"]
[White "Navrodsky, Boris"]
[Black "Kolmakov, Pavel"]
[Result "0-1"]
[WhiteElo "2153"]
[BlackElo "2254"]
[PlyCount "84"]
[EventDate "2017.01.28"]
[EventType "swiss"]
[EventRounds "9"]
[EventCountry "RUS"]
[SourceTitle "EXT 2018"]
[Source "ChessBase"]
[SourceDate "2017.10.13"]
[SourceVersion "1"]
[SourceVersionDate "2017.10.13"]
[SourceQuality "1"]

1. d4 Nf6 2. c4 c5 3. d5 e6 4. Nc3 exd5 5. cxd5 d6 6. e4 g6 7. Nge2 Bg7 8. Ng3 0-0 9. Be2 Na6 10. 0-0 Nc7 11. f3 a6 12. a4 Bd7 13. Be3 Qe7 14. Qd2 b5 15. Bh6 Bxh6 16. Qxh6 bxa4 17. Nxa4 Rfb8 18. Rfb1 Qe5 19. Qd2 h5 20. Nc3 h4 21. Nf1 Nh5 22. Ne3 Qg5 23. Nc4 Nf4 24. Bf1 Nb5 25. Kh1 Nd4 26. Qf2 Qe7 27. b4 cxb4 28. Qxd4 bxc3 29. Qxc3 Bb5 30. Na5 Qg5 31. Qd2 Be2 32. Re1 Bxf1 33. Rxf1 Rb5 34. Nc6 a5 35. Ra4 Rb3 36. Rxa5 Rxa5 37. Nxa5 Re3 38. Rg1 Re2 39. Qc1 Rxg2 40. Nc4 h3 41. Qe3 Nd3 42. f4 Nxf4 0-1

[Event "Chigorin Memorial 24th"]
[Site "St Petersburg"]
[Date "2016.10.17"]
[Round "3"]
[White "Navrodsky, Boris"]
[Black "Urazayev, Arystanbek"]
[Result "1/2-1/2"]
[WhiteElo "2099"]
[BlackElo "2377"]
[PlyCount "82"]
[EventDate "2016.10.15"]
[EventType "swiss"]
[EventRounds "9"]
[EventCountry "RUS"]
[SourceTitle "CBM 175 Extra"]
[Source "ChessBase"]
[SourceDate "2016.12.12"]
[SourceVersion "1"]
[SourceVersionDate "2016.12.12"]
[SourceQuality "1"]

1. d4 Nf6 2. c4 e6 3. Nf3 b6 4. g3 Ba6 5. b3 Bb4+ 6. Bd2 Be7 7. Bg2 c6 8. 0-0 d5 9. Ne5 Nfd7 10. Nxd7 Nxd7 11. Bc3 0-0 12. Nd2 Rc8 13. Re1 c5 14. cxd5 exd5 15. Rc1 cxd4 16. Bxd4 Rxc1 17. Qxc1 Nc5 18. Qb2 Ne6 19. Nf3 Nxd4 20. Nxd4 Bf6 21. Rd1 Qd6 22. e3 g6 23. Qd2 Rc8 24. Rc1 Rc5 25. h4 h5 26. Bf3 Bc8 27. Rd1 Bg4 28. Bxg4 hxg4 29. Qe2 Qd7 30. Kg2 Rc8 31. Qd3 Be5 32. Ne2 Rd8 33. Nd4 Rc8 34. Ne2 Rd8 35. Nd4 Qe8 36. Qe2 Qd7 37. Qd3 Qe8 38. Qe2 Qd7 39. Qd3 Qe8 40. Qe2 Qd7 41. Qd3 Qe8 1/2-1/2

[Event "Chigorin Memorial blitz 24th"]
[Site "St Petersburg"]
[Date "2016.10.14"]
[Round "1"]
[White "Jumabayev, Rinat"]
[Black "Navrodsky, Boris"]
[Result "1-0"]
[WhiteElo "2609"]
[BlackElo "2099"]
[PlyCount "67"]
[EventDate "2016.10.14"]
[EventType "swiss (blitz)"]
[EventRounds "13"]
[EventCountry "RUS"]
[SourceTitle "EXT 2017"]
[Source "ChessBase"]
[SourceDate "2016.10.25"]
[SourceVersion "1"]
[SourceVersionDate "2016.10.25"]
[SourceQuality "1"]

1. d4 d5 2. c4 e6 3. Nf3 c6 4. g3 Bd6 5. Bg2 f5 6. 0-0 Nf6 7. Qc2 0-0 8. Ne5 Nbd7 9. Nd3 Qe7 10. Nd2 b6 11. Rb1 Bb7 12. b4 Rac8 13. c5 Bb8 14. Nf3 e5 15. dxe5 Nxe5 16. Nfxe5 Bxe5 17. Bb2 Bxb2 18. Qxb2 Ba6 19. Rfc1 Rfe8 20. cxb6 axb6 21. Bf3 Ne4 22. Qd4 Nd2 23. Rb2 Nxf3+ 24. exf3 Qf6 25. Qxf6 gxf6 26. Rd2 Kf7 27. a4 Bc4 28. Nb2 b5 29. a5 Re6 30. Nd3 Bxd3 31. Rxd3 c5 32. Rxd5 Rec6 33. Rxf5 c4 34. Rxb5 1-0

[Event "RUS-chT U18"]
[Site "St Petersburg"]
[Date "2015.08.05"]
[Round "5.37"]
[White "Navrodsky, Boris"]
[Black "Gogin, Maksim"]
[Result "1/2-1/2"]
[WhiteElo "2035"]
[BlackElo "2183"]
[PlyCount "59"]
[EventDate "2015.08.01"]
[EventType "team-swiss"]
[EventRounds "9"]
[EventCountry "RUS"]
[SourceTitle "CBM 167 Extra"]
[Source "ChessBase"]
[SourceDate "2015.09.14"]
[SourceVersion "1"]
[SourceVersionDate "2015.09.14"]
[SourceQuality "1"]
[WhiteTeam "Moscow Palace Youth III"]
[BlackTeam "HQ Contemporary"]
[WhiteTeamCountry "RUS"]
[BlackTeamCountry "RUS"]

1. e4 c5 2. Nf3 e6 3. d4 cxd4 4. Nxd4 a6 5. c4 Nf6 6. Nc3 Qc7 7. Be2 b6 8. Be3 Bb7 9. f3 d6 10. 0-0 Nbd7 11. Qd2 Be7 12. Rfc1 Rc8 13. a4 0-0 14. a5 bxa5 15. Nb3 Qb8 16. Nxa5 Ba8 17. b4 Rfd8 18. Rcb1 d5 19. exd5 Bxb4 20. dxe6 fxe6 21. Qc1 Qd6 22. Ra4 Bc5 23. Nb3 Bxe3+ 24. Qxe3 Re8 25. Rba1 Qb8 26. Rb1 Qd6 27. Rba1 Qb8 28. Rb1 Qd6 29. Rba1 Qb8 30. Rb1 1/2-1/2

[Event "RUS-chT U18"]
[Site "St Petersburg"]
[Date "2015.08.02"]
[Round "2.45"]
[White "Navrodsky, Boris"]
[Black "Pak, Alexander"]
[Result "1/2-1/2"]
[WhiteElo "2035"]
[BlackElo "2196"]
[PlyCount "80"]
[EventDate "2015.08.01"]
[EventType "team-swiss"]
[EventRounds "9"]
[EventCountry "RUS"]
[SourceTitle "CBM 167 Extra"]
[Source "ChessBase"]
[SourceDate "2015.09.14"]
[SourceVersion "1"]
[SourceVersionDate "2015.09.14"]
[SourceQuality "1"]
[WhiteTeam "Moscow Palace Youth III"]
[BlackTeam "Moscow Palace Youth II"]
[WhiteTeamCountry "RUS"]
[BlackTeamCountry "RUS"]

1. d4 d5 2. c4 c6 3. Nc3 dxc4 4. Nf3 b5 5. a4 b4 6. Ne4 Nf6 7. Nxf6+ exf6 8. e3 Be6 9. Bd2 c5 10. Rc1 Nd7 11. Bxc4 Bxc4 12. Rxc4 a5 13. dxc5 Nxc5 14. 0-0 Be7 15. Qc2 Ne6 16. Rd1 Qb8 17. Bc1 0-0 18. b3 Qb7 19. Bb2 Rfc8 20. Rc1 Rxc4 21. Qxc4 Bc5 22. Nd4 Bxd4 23. Bxd4 Rd8 24. h3 h6 25. Rd1 f5 26. Qc2 f4 27. Qf5 fxe3 28. fxe3 Rd5 29. Qe4 Qd7 30. Kh1 f5 31. Qc2 f4 32. Rf1 Nxd4 33. exd4 Rxd4 34. Qc5 Rd1 35. Qc4+ Kh8 36. Qxf4 Rxf1+ 37. Qxf1 Qd5 38. Qb1 Kg8 39. Qc2 Kf7 40. Qf2+ Kg8 1/2-1/2